00621nam a2200181Ia 450000500170000000800410001702000150005808200130007310000170008624500980010326000650020130000110026665000190027765000250029694200060032195200970032799900150042420240603234844.0240331s9999 xx 000 0 und d a0646337297 bSISa362 aSissons, M.E 0aFrom one day to another :bviolations of women's reproductive and sexual rights in East Timor aVictoriabEast Timer Human Rights Centre Incorporated c1997 a46 p., aSexual Rights  aWomen's Reproductive cL 001040708LaWERCLbWERCLcSSCd2024-03-31l0o 362.8 SISp2771r2024-03-31w2024-03-31yL c2925d2925